In the court we trust : (Record no. 6227)
[ view plain ]
| 000 -LEADER | |
|---|---|
| fixed length control field | 02838cam a2200637 i 4500 |
| 001 - CONTROL NUMBER | |
| control field | on1099539449 |
| 003 - CONTROL NUMBER IDENTIFIER | |
| control field | OCoLC |
| 005 - DATE AND TIME OF LATEST TRANSACTION | |
| control field | 20210125113344.0 |
| 008 - FIXED-LENGTH DATA ELEMENTS--GENERAL INFORMATION | |
| fixed length control field | 190416t20192019enka b 001 0 eng |
| 010 ## - LIBRARY OF CONGRESS CONTROL NUMBER | |
| LC control number | 2019018388 |
| 040 ## - CATALOGING SOURCE | |
| Original cataloging agency | DLC |
| Language of cataloging | eng |
| Description conventions | rda |
| Transcribing agency | DLC |
| Modifying agency | OCLCO |
| -- | OCLCF |
| -- | UKMGB |
| -- | OCL |
| -- | YDX |
| -- | RCJ |
| -- | GUL |
| -- | OCLCA |
| -- | NLVRD |
| 015 ## - NATIONAL BIBLIOGRAPHY NUMBER | |
| National bibliography number | GBB9H9562 |
| Source | bnb |
| 016 7# - NATIONAL BIBLIOGRAPHIC AGENCY CONTROL NUMBER | |
| Record control number | 019600085 |
| Source | Uk |
| 020 ## - INTERNATIONAL STANDARD BOOK NUMBER | |
| International Standard Book Number | 9781108481274 |
| Qualifying information | hardcover |
| -- | alkaline paper |
| 020 ## - INTERNATIONAL STANDARD BOOK NUMBER | |
| International Standard Book Number | 1108481272 |
| Qualifying information | hardcover |
| -- | alkaline paper |
| 020 ## - INTERNATIONAL STANDARD BOOK NUMBER | |
| Cancelled/invalid ISBN | 9781108661843 |
| Qualifying information | electronic book |
| 029 1# - (OCLC) | |
| OCLC library identifier | UKMGB |
| System control number | 019600085 |
| 035 ## - SYSTEM CONTROL NUMBER | |
| System control number | (OCoLC)1099539449 |
| 042 ## - AUTHENTICATION CODE | |
| Authentication code | pcc |
| 043 ## - GEOGRAPHIC AREA CODE | |
| Geographic area code | e------ |
| 050 00 - LIBRARY OF CONGRESS CALL NUMBER | |
| Classification number | KJE3666 |
| Item number | .G47 2019 |
| 082 00 - DEWEY DECIMAL CLASSIFICATION NUMBER | |
| Classification number | 347.4/012 |
| Edition number | 23 |
| 049 ## - LOCAL HOLDINGS (OCLC) | |
| Holding library | TZAA |
| 100 1# - MAIN ENTRY--PERSONAL NAME | |
| Personal name | Gestel, Rob van, |
| Relator term | author. |
| 245 10 - TITLE STATEMENT | |
| Title | In the court we trust : |
| Remainder of title | cooperation, coordination and collaboration between the ECJ and supreme administrative courts / |
| Statement of responsibility, etc | Rob van Gestel, Jurgen de Poorter. |
| 246 3# - VARYING FORM OF TITLE | |
| Title proper/short title | Cooperation, coordination and collaboration between the European Court of Justice and supreme administrative courts |
| 264 #1 - | |
| -- | Cambridge, United Kingdom : |
| -- | New York, NY : |
| -- | Cambridge University Press, |
| -- | 2019. |
| 264 #4 - | |
| -- | �2019 |
| 300 ## - PHYSICAL DESCRIPTION | |
| Extent | xvii, 240 pages : |
| Other physical details | illustrations ; |
| Dimensions | 24 cm. |
| 336 ## - | |
| -- | text |
| -- | txt |
| -- | rdacontent |
| 337 ## - | |
| -- | unmediated |
| -- | n |
| -- | rdamedia |
| 338 ## - | |
| -- | volume |
| -- | nc |
| -- | rdacarrier |
| 490 1# - SERIES STATEMENT | |
| Series statement | Cambridge studies in european law and policy |
| 504 ## - BIBLIOGRAPHY, ETC. NOTE | |
| Bibliography, etc | Includes bibliographical references and index. |
| 505 0# - FORMATTED CONTENTS NOTE | |
| Formatted contents note | Why don't we talk? -- Dialogue as a concept -- Case law analysis -- Results from the interviews -- Trust and dialogue -- Conclusion and future scenarios. |
| 610 20 - SUBJECT ADDED ENTRY--CORPORATE NAME | |
| Corporate name or jurisdiction name as entry element | Court of Justice (Court of Justice of the European Union) |
| 650 #0 - SUBJECT ADDED ENTRY--TOPICAL TERM | |
| Topical term or geographic name as entry element | Courts |
| Geographic subdivision | European Union countries. |
| 9 (RLIN) | 3495 |
| 650 #0 - SUBJECT ADDED ENTRY--TOPICAL TERM | |
| Topical term or geographic name as entry element | Jurisdiction |
| Geographic subdivision | European Union countries. |
| 650 #0 - SUBJECT ADDED ENTRY--TOPICAL TERM | |
| Topical term or geographic name as entry element | Administrative courts |
| Geographic subdivision | European Union countries. |
| 650 #0 - SUBJECT ADDED ENTRY--TOPICAL TERM | |
| Topical term or geographic name as entry element | International and municipal law |
| Geographic subdivision | European Union countries. |
| 9 (RLIN) | 9867 |
| 610 27 - SUBJECT ADDED ENTRY--CORPORATE NAME | |
| Corporate name or jurisdiction name as entry element | Court of Justice (Court of Justice of the European Union) |
| Source of heading or term | fast |
| -- | (OCoLC)fst01974169 |
| 650 #7 - SUBJECT ADDED ENTRY--TOPICAL TERM | |
| Topical term or geographic name as entry element | Administrative courts. |
| Source of heading or term | fast |
| -- | (OCoLC)fst00796828 |
| 650 #7 - SUBJECT ADDED ENTRY--TOPICAL TERM | |
| Topical term or geographic name as entry element | Courts. |
| Source of heading or term | fast |
| -- | (OCoLC)fst00881747 |
| 650 #7 - SUBJECT ADDED ENTRY--TOPICAL TERM | |
| Topical term or geographic name as entry element | International and municipal law. |
| Source of heading or term | fast |
| -- | (OCoLC)fst00976759 |
| 650 #7 - SUBJECT ADDED ENTRY--TOPICAL TERM | |
| Topical term or geographic name as entry element | Jurisdiction. |
| Source of heading or term | fast |
| -- | (OCoLC)fst00985026 |
| 651 #7 - SUBJECT ADDED ENTRY--GEOGRAPHIC NAME | |
| Geographic name | European Union countries. |
| Source of heading or term | fast |
| -- | (OCoLC)fst01269470 |
| 650 #7 - SUBJECT ADDED ENTRY--TOPICAL TERM | |
| Topical term or geographic name as entry element | European Union. |
| Source of heading or term | pplt |
| 650 #7 - SUBJECT ADDED ENTRY--TOPICAL TERM | |
| Topical term or geographic name as entry element | Court of Justice of the European Union. |
| Source of heading or term | pplt |
| 650 #7 - SUBJECT ADDED ENTRY--TOPICAL TERM | |
| Topical term or geographic name as entry element | Supreme court. |
| Source of heading or term | pplt |
| 650 #7 - SUBJECT ADDED ENTRY--TOPICAL TERM | |
| Topical term or geographic name as entry element | Administrative court. |
| Source of heading or term | pplt |
| 650 #7 - SUBJECT ADDED ENTRY--TOPICAL TERM | |
| Topical term or geographic name as entry element | Judicial dialogue. |
| Source of heading or term | pplt |
| 700 1# - ADDED ENTRY--PERSONAL NAME | |
| Personal name | Poorter, J. C. A. de |
| Fuller form of name | (Jurgen Constantinus Abraham), |
| Dates associated with a name | 1974- |
| Relator term | author. |
| 776 08 - ADDITIONAL PHYSICAL FORM ENTRY | |
| Display text | ebook version : |
| International Standard Book Number | 9781108661843 |
| 830 #0 - SERIES ADDED ENTRY--UNIFORM TITLE | |
| Uniform title | Cambridge studies in European law and policy. |
| 994 ## - | |
| -- | C0 |
| -- | TZACH |
No items available.
